| 000 | 00781cam a2200205 4500 | ||
|---|---|---|---|
| 001 | WS119191 | ||
| 008 | 020805n 000 0 eng u | ||
| 035 | _a(Sirsi) u119191 | ||
| 110 |
_aEuropean Real Estate Society _94312 |
||
| 245 | _aEuropean Real Estate Society | ||
| 520 | _aWeb site for this organisation 'established to create a structured and permanent network between real estate academics and professionals across Europe'. Includes details of research and conferences. | ||
| 650 | _aEUROPE | ||
| 650 | _aINTERNATIONAL | ||
| 650 | _aACADEMIC | ||
| 650 | _aRESEARCH | ||
| 650 |
_aValuation _96273 |
||
| 690 | _aMANAGEMENT-BUSINESS MANAGEMENT-PROFESSIONAL PRACTICE | ||
| 856 | 4 | 0 |
_uhttps://www.eres.org _zView the website free of charge at www.eres.org... |
| 942 | _n0 | ||
| 999 |
_c120140 _d120140 |
||